| 000 | 01177nam a22002657a 4500 | ||
|---|---|---|---|
| 001 | BD-DhSAU 9305 | ||
| 003 | BD-DhSAU | ||
| 005 | 20181211160339.0 | ||
| 008 | 150612b2006 bg a||||r|||| 000 0 eng d | ||
| 040 | _aBD-DhSAU | ||
| 082 |
_222 _a630.715 _bH963 |
||
| 100 |
_aHussain, Md. Shahadat _eRegistration No. # 26204/00496 |
||
| 245 |
_aInformation sources used by the resource-poor farmers in producing HYV boro rice / _bMS thesis _cby Md. Shahadat Hussain. |
||
| 260 |
_aSher-e- Bangla Agricultural University : _bDepartment of Agricultural Extension and Information System, _c2006. |
||
| 300 |
_ax, 98 p. : _bill. , _c30 cm. |
||
| 500 | _aMS thesis of Department of Agricultural Extension and Information System, Faculty of Agriculture, Sher-e-Bangla Agricultural University, Dhaka, Bangladesh | ||
| 590 | _ajoy | ||
| 650 | _aAgricultural Extension and Information System | ||
| 650 | _aProducing HYV boro rice | ||
| 650 | _aResource poor farmers | ||
| 700 |
_aUlla, Md. Shadat _eSupervisor |
||
| 700 |
_aBhuiyan, Mohammad Hossain _eCo-Supervisor |
||
| 856 |
_yOnline Access _uhttp://archive.saulibrary.edu.bd:8080/xmlui/handle/123456789/1557 |
||
| 942 |
_2ddc _cTHESIS |
||
| 999 |
_c9305 _d9305 |
||